00626nam a2200169 a 450000100100000000500170001000800410002704000250006808200160009310000410010924501050015026000410025530000200029604900090031695201140032599900170043900003136020240226131943.0110620s1937 dr 000 0 spa d aDO-SdBNPbspacBNPHU axxxxbG216r1 aAvelino, Andrés,d1900-197493187513aLa relatividad como culminación de la filosofía cientifíca. /cAndres Avelino García Solano. a[Santo Domingo] :b[s. n.],c[1937]. a60 p. :b24 cm. aBNPD 0010718PDaPDbPDcCTd2011-06-20iLF1l0oxxxx G216rp31360-10r2020-06-25w2020-06-25yLFPDZNo se presta c30852d30852